Statistics for Highest Grossing Broadway Musicals

Click here to take the quiz!

General Stats

  • This quiz has been taken 70 times
  • The average score is 12 of 25

Answer Stats

HintAnswer% Correct
$1,241,017,579The Phantom of the Opera
88%
$1,657,407,012The Lion King
84%
$612,820,842Hamilton
82%
$453,624,091Cats
77%
$656,495,931Chicago
77%
$1,345,482,298Wicked
74%
$514,794,489Les Misérables
72%
$429,158,458Beauty and the Beast
58%
$226,487,901Dear Evan Hansen
58%
$624,391,693Mamma Mia!
58%
$409,432,471Aladdin
56%
$644,811,371The Book of Mormon
56%
$274,248,128Rent
51%
$318,990,092Kinky Boots
49%
$252,181,270Hairspray
47%
$558,416,092Jersey Boys
42%
$322,103,948Miss Saigon
33%
$294,558,648Mary Poppins
30%
$288,361,724The Producers
28%
$250,000,000Beautiful: The Carole King Musical
21%
$165,928,398Aida
16%
$175,000,000Spamalot
16%
$212,406,040Spider-Man: Turn Off the Dark
14%
$183,514,398Billy Elliot the Musical
12%
$198,165,852Matilda the Musical
5%

Score Distribution

Percentile by Number Answered

Percent of People with Each Score

Your Score History

You have not taken this quiz